Les dictateurs au XXe siècle 3 - Statistiques

Statistiques générales
  • Ce quiz a été pris 6 fois
  • Le résultat moyen est 18 sur 50
Statistiques - réponses
Question Réponse % Correct
Maaouiya Ould Sid'Ahmed Taya a été premier ministre puis président de la Mauritanie de 1981 à 2005
67%
Muhammad Ayub Khan arrive au pouvoir suite à un coup d'Etat en 1958 mais où ? au Pakistan
67%
Kim Jong-il, dirigeant suprême de Corée-du-Nord de 1994 à 2011 serait né en 1941 ou 1942 au sommet du point culminant de la corée
67%
Mengistu Haile Mariam a été président, de 1987 à 1991, d'Ethiopie
67%
Mao Zedong était surnommé Le grand timonier
67%
Trois fois réélu, Islam Karimov est décédé en 2016, il présidait... l'Ouzbékistan
67%
L'Erythrée a pour président Isaias Afwerki depuis 1993
50%
Mohammad Omar n'a pas été appelé... Ayatollah Omar
50%
Mathieu Kérékou est resté au pouvoir de 1972 à 2006 mais dans quel pays ? Benin
50%
Jorge Rafael Videla a été de 1976 à 1981 président de l'Argentine
50%
Jean-Bedel Bokassa s'est auto-proclamé souverain de Centrafrique avec le titre d'empereur
50%
Ce pays a le même président, Ismaïl Omar Guelleh depuis 1999, c'est Djibouti
50%
Moussa Traoré a été président... du Mali
50%
Jean-Claude Duvalier, président de Haïti de 1971 à 1986 était le fils de François Duvalier
50%
Josip Broz Tito a dirigé un pays disparu, lequel ? la Yougoslavie
50%
Kwame Nkrumah a été président de son pays de 1960 à 1966, à sa naissance, il s'appelait la Côte-de-l'Or, de nos jours c'est le Ghana
50%
Le président zaïrois Mobutu Sese Seko était celèbre pour sa coiffe en peau de léopard
50%
Le président Milton Obote a dirigé son pays pendant 5 ans, lequel ? Ouganda
50%
Jozef Tiso, président de la Tchécoslovaquie de 1939 à 1945 était prêtre
50%
Bo Ne Win, président birman est né sous le nom de Shu Maung
50%
Kim Il-sung, président éternel de Corée-du-Nord a était premier ministre puis Président de la République de 1948 à 1994
33%
Mswati III, actuel roi d'Eswatini a été couronné en 1986
33%
Laurent-Désiré Kabila a été président du Congo démocratique de 1997 à 2001
33%
Joseph Staline a dirigé l'URSS pendant 30 ans 6 mois et 13 jours
33%
Mouammar Kadhafi est resté au pouvoir en Libye pendant 41 ans 11 mois et 22 jours
33%
Maumoon Abdul Gayoom a été président de 1978 à 2008 aux Maldives
33%
Miguel Primero de Rivera a été chassé du pouvoir par Damaso Berenguer
33%
Muhammad Zia-ul-Haq, président non élu du Pakistan est mort en 1988 dans un attentat contre son avion
33%
Jorge Ubico Castaneda, président du Guatemala était un admirateur de Benito Mussolini
33%
Mátyás Rákosi dirige la Hongrie de 1952 à 1956 ; il est mort en 1971... en URSS
33%
Ngo Dinh Diem, président du Vietnam était prénommé Jean-Baptiste
33%
Karlis Ulmanis a été président de son pays de 1936 à 1940, il était... letton
33%
Arrivé dans les cercles du pouvoir par un coup d'Etat en 1968, il est l'homme fort du Panama de 1983 à 1989, il se nommait Manuel Noriega
33%
Il a été le premier président de la République d'Afghanistan à partir de 1978 Mohammad Daoud Khan
33%
Meles Zenawi Asres a été premier ministre d'Ethiopie pendant environ 16 ans
17%
Kimon Georgiev a pris le pouvoir en Bulgarie en 1934
17%
Linden Forbes Sampson Burnham a été élu président du Guyana suite à des élections controversées en 1980
17%
Juan Maria Bordaberry a été président de la République d'Uruguay de 1972, il a été élu avant de devenir dictateur sous contrôle de l'armée après le coup d'Etat du 27 juin 1973
17%
Jean-Baptiste Bagaza, président du Burundi de 1976 à 1987 est décédé en 2016 à Bruxelles
17%
Enseignant, Kenneth Kaunda a été pendant plus de 27 ans président de Zambie de 1964 à 1991
17%
Pour accéder au pouvoir, Manuel José Estrada Cabrera n'a pas hésité à faire assassiner son prédécesseur, cela se passait... en 1898 au Guatemala
17%
Le chancelier Kurt von Schuschnigg a démissionné le 11 mars 1938. Quelle affirmation est fausse? est mort en prison en 1945
17%
Modibo Keïta a été président du Mali, il était tiers-mondiste comme d'autres chefs d'Etat dictateurs. L'un des quatre cités ne l'était pas. Josip Tito
17%
José Santos Zelaya a été président de son pays de 1893 à 1909, ce pays est le Nicaragua
17%
On peut écrire le nom de ce président congolais prénommé Moïse, de trois manières différentes, où est l'erreur ? Teshombe
17%
Maximiliano Hernández Martínez, Salvadorien, a été assassiné par son chauffeur bien après avoir quitté le pouvoir... 22 ans
0%
Luis Garcia Meza Tejada ne va rester qu'un peu plus d'un an au pouvoir mais sa présidence a été spécialement répressive en Bolivie
0%
Juan Vincente Gomez a été président de 1908 à 1913 du Venezuela
0%
Le Duan a été secrétaire général du PC de son pays de 1960 à 1986. Quel est ce pays ? le Vietnam
0%
Kjell Eugenio Laugerud García, président du Guatemala de 1974 à 1978 était à l'origine Militaire
0%
Aucun quiz correspondant
Distribution des résultats
% des personnes avec chaque résultat
Percentile par nombre de réponses
Votre historique - résultats
Vous n’avez pas pris ce quiz